000 00281nam a22001337a 4500
008 170616b xxu||||| |||| 00| 0 eng d
020 _a0939650444
041 _aeng
080 _a94(4)
100 _a16
101 _aSHH
245 _aACHILD OF HITLER
_cHECK,A
942 _2udc
_cBK
999 _c17736
_d17736